Complète la carrière 4 - Statistiques

Statistiques générales
  • Ce quiz a été pris 93 fois
  • Le résultat moyen est 7 sur 15
Statistiques - réponses
Joueur Club 1 Club 2 Club 3 % Correct
Depay Atletico Madrid Barcelone Lyon
94%
Van de beek Everton Manchester united Ajax
91%
Fabinho Real Madrid Monaco Liverpool
91%
Abraham Aston Villa Rome Chelsea
80%
Vlahovic Partizan Belgrade Juventus Fiorentina
74%
Ben yedder Monaco Seville Toulouse
73%
Renato Sanches Rome PSG Losc
61%
Digne Paris Barcelone Rome
39%
De vrij Inter Milan Lazio Feyenoord
29%
Haller Utrecht West Ham Francfort
24%
Robertson Dundee Liverpool Hull City
23%
Keita Leipzig Liverpool Werder Breme
9%
Alaba Real Madrid Bayern Munich Hoffenheim
5%
Rebic Francfort AC Milan Besiktas
4%
Ndidi Nath boys Leicester Genk
2%
Aucun quiz correspondant
Distribution des résultats
% des personnes avec chaque résultat
Percentile par nombre de réponses
Votre historique - résultats
Vous n’avez pas pris ce quiz